000 00647nam a22002417a 4500
003 UA-OsUOA
001 25120
007 ta
008 20040316b un ||||| |||| 00| 0 ukr d
090 _a347.97/99
_bС68
942 _cBK
040 _aUA-OsUOA
_brus
_cUA-OsUOA
_dUA-OsUOA
245 _aСуд и правоохранительные органы
_bХрестоматия
_cСост. Ю.К.Орлов Г.В.Кручинина
300 _a480 с.
955 _a0
041 _arus
080 _a347.97/99
020 _a5-7975-0169-4
260 _aМосква
_bЮристъ
_c1999
044 _aRU
650 7 _2UDC
999 _c311412
_d311412